Państwa Europy od najwyższej do najniższej PKB Per Capita! - Statystyki

Ogólne statystyki
  • Ten quiz został rozwiązany 247 razy
    183 od ostatniego zresetowania
  • Średni wynik to 14 z 44
Statystyki odpowiedzi
PKB Państwo % Poprawnych
$150k Watykan
84%
$115.7k Monako
72%
$105.1k Luksemburg
69%
$139.1k Liechtenstein
63%
$89.9k Szwajcaria
54%
$91.7k Irlandia
49%
$78.9k Norwegia
49%
$59k San Marino
42%
$55.5k Szwecja
38%
$2.2k Ukraina
37%
$3.6k Mołdawia
35%
$58.3k Islandia
34%
&42.8k Niemcy
34%
$50.1k Holandia
33%
$45.9k Finlandia
32%
$17.27k Polska
30%
$48k Dania
29%
$38.9k Francja
29%
$4.8k Kosowo
27%
$45.8k Austria
26%
$45.2k Belgia
26%
$47k Wielka Brytania
26%
&40.1k Andora
24%
$6.42k Bośnia i Hercegowina
24%
$33.7k Włochy
24%
$5.3k Albania
23%
$6.3k Macedonia Północna
23%
$6.48k Białoruś
22%
$28k Hiszpania
21%
$7.7k Serbia
21%
$16.2k Węgry
21%
$9.7k Bułgaria
20%
$18.2k Litwa
20%
$16.9k Lotwa
20%
$12.3k Rumunia
20%
$8.3k Czarnogóra
19%
$19.8k Czechy
19%
$17.23k Chorwacja
18%
$20.2k Estonia
18%
$31.1k Malta
18%
$20.8k Grecja
17%
$22.3k Portugalia
17%
$19.2k Słowacja
15%
$25.6k Słowenia
15%
Nie znaleziono quizów pasujących do podanych kryteriów
Rozkład punktacji
Procent ludzi z każdym wynikiem
Percentyl według liczby udzielonych odpowiedzi
Twoja historia wyników
Nie rozwiązałeś tego quizu od ostatniego zresetowania